000 00693nam a2200193 a 4500
001 000006272
005 20200929153917.0
008 090827s1971 dr 001 0 spa d
040 _aDO-SdBNP
082 _axxx
_bF316d
100 1 _aFéliz Sánchez, Danilo Arturo
_d1945-
_917523
245 1 3 _aEl derecho cooperativo dominicano :
_buna introducción crítica /
_cDanilo Arturo Féliz Sánchez ; prólogo Leonel Rodríguez Rib.
260 _aSanto Domingo :
_bMundo moderno,
_c1971.
300 _a136 p. ;
_c22 cm.
500 _aIncluye datos biográficos
500 _aIncluye referencias bibliográficas
590 _aInventariado, 2019/ YL
700 1 _aRodríguez Rib, Leonel,
_epról
_917524
999 _c6067
_d6067